[Event "Mittelrhein Verbandsliga-S 18/19"]
[Site "Nordrheinwestfalen"]
[Date "2019.05.19"]
[Round "11.7"]
[White "Kinnert, Dieter"]
[Black "Froitzheim, Ralf"]
[Result "1-0"]
[WhiteElo "1851"]
[BlackElo "1792"]
[PlyCount "77"]
[EventDate "2018.09.02"]
[EventType "team-tourn"]
[EventRounds "11"]
[EventCountry "GER"]
[SourceTitle "EXT 2022"]
[Source "ChessBase"]
[SourceDate "2021.10.06"]
[SourceVersion "1"]
[SourceVersionDate "2021.10.06"]
[SourceQuality "1"]
[WhiteTeam "Troisdorf"]
[BlackTeam "Niederkassel II"]
[WhiteTeamCountry "GER"]
[BlackTeamCountry "GER"]

1. e4 c6 2. d4 d5 3. e5 Bf5 4. Nf3 e6 5. Nc3 Nd7 6. Ne2 Ne7 7. Ng3 Bg4 8. c3 Nf5 9. h3 Nxg3 10. fxg3 Bf5 11. Bd3 Bxd3 12. Qxd3 Be7 13. Bf4 c5 14. 0-0 0-0 15. Rf2 Rc8 16. h4 Qb6 17. Raf1 cxd4 18. cxd4 f5 19. exf6 Nxf6 20. Bg5 Bd6 21. Bxf6 gxf6 22. Nd2 Kg7 23. Kh1 Qc7 24. Qf3 f5 25. Qe3 Qf7 26. Re2 Rfe8 27. g4 f4 28. Qf3 Qg6 29. Rfe1 Qh6 30. Qh3 Qf6 31. Nf3 Bb4 32. g5 Qf7 33. Rf1 Qf5 34. g4 Qf8 35. h5 Qd6 36. h6+ Kg8 37. Ne5 Qa6 38. Ref2 Qxa2 39. Qh5 1-0

[Event "Mittelrhein Verbandsliga-S 18/19"]
[Site "Nordrheinwestfalen"]
[Date "2018.11.18"]
[Round "4.7"]
[White "Froitzheim, Ralf"]
[Black "Schwab, Wolfgang"]
[Result "1-0"]
[WhiteElo "1810"]
[BlackElo "1660"]
[PlyCount "129"]
[EventDate "2018.09.02"]
[EventType "team-tourn"]
[EventRounds "11"]
[EventCountry "GER"]
[SourceTitle "EXT 2022"]
[Source "ChessBase"]
[SourceDate "2021.10.06"]
[SourceVersion "1"]
[SourceVersionDate "2021.10.06"]
[SourceQuality "1"]
[WhiteTeam "Niederkassel II"]
[BlackTeam "St Augustin Turm"]
[WhiteTeamCountry "GER"]
[BlackTeamCountry "GER"]

1. c4 c5 2. g3 e6 3. Bg2 Nf6 4. Nf3 d6 5. 0-0 Be7 6. d4 Nbd7 7. Nc3 a6 8. b3 Rb8 9. dxc5 Nxc5 10. Nd4 Qc7 11. Bb2 0-0 12. Rc1 Ncd7 13. e3 Ne5 14. Qe2 Bd7 15. Rfd1 Rfe8 16. h3 Bf8 17. Qd2 Rbc8 18. Nde2 Bc6 19. e4 Nfd7 20. Nd4 Nc5 21. Rc2 Qa5 22. Ba1 Ned3 23. Qe3 Ne5 24. f4 Ng6 25. Kh2 Nd7 26. Rcd2 Qb6 27. Qe2 Qc7 28. Bb2 Nf6 29. Nxc6 bxc6 30. h4 h6 31. h5 Ne7 32. e5 dxe5 33. fxe5 Qxe5 34. Qxe5 Ng4+ 35. Kh3 Nxe5 36. Ne4 Nxc4 37. bxc4 Nf5 38. Rd3 Rb8 39. Be5 Ra8 40. g4 Ne7 41. Rd7 f5 42. Nd6 fxg4+ 43. Kxg4 Red8 44. Rxd8 Rxd8 45. Be4 Nf5 46. Bxf5 exf5+ 47. Kxf5 Be7 48. Ke6 Bg5 49. Rb1 Rf8 50. Rb7 Bf6 51. Ra7 Bxe5 52. Kxe5 Rf2 53. Rxa6 Re2+ 54. Kf4 Rc2 55. Ra8+ Kh7 56. a4 Rh2 57. Ra5 Rh4+ 58. Kg3 Rd4 59. c5 Rd3+ 60. Kf4 Rd4+ 61. Ne4 Rd5 62. Ra7 Kh8 63. a5 Rxh5 64. a6 Rh4+ 65. Kf5 1-0

[Event "Mittelrhein Verbandsliga-S 18/19"]
[Site "Nordrheinwestfalen"]
[Date "2018.09.30"]
[Round "2.7"]
[White "Froitzheim, Ralf"]
[Black "Winckler, Andreas"]
[Result "1-0"]
[WhiteElo "1810"]
[BlackElo "1743"]
[PlyCount "54"]
[EventDate "2018.09.02"]
[EventType "team-tourn"]
[EventRounds "11"]
[EventCountry "GER"]
[SourceTitle "EXT 2022"]
[Source "ChessBase"]
[SourceDate "2021.10.06"]
[SourceVersion "1"]
[SourceVersionDate "2021.10.06"]
[SourceQuality "1"]
[WhiteTeam "Niederkassel II"]
[BlackTeam "Bergische SF II"]
[WhiteTeamCountry "GER"]
[BlackTeamCountry "GER"]

1. c4 Nf6 2. g3 d5 3. cxd5 Nxd5 4. Bg2 e5 5. Nc3 Nxc3 6. bxc3 c6 7. d3 Bd6 8. Nf3 0-0 9. 0-0 Nd7 10. Rb1 Nf6 11. Qc2 Rb8 12. c4 Qe7 13. Be3 c5 14. Bg5 h6 15. Bxf6 Qxf6 16. Nd2 Qe7 17. Ne4 f5 18. Nc3 b6 19. Qa4 Qd7 20. Bc6 Qf7 21. Nb5 Qe7 22. Qxa7 Rf6 23. Qxe7 Bxe7 24. Bd5+ Kh7 25. Nc3 Bd7 26. Rb2 g5 27. a4 Ra8 1-0

[Event "Mittelrhein Verbandsliga-S 17/18"]
[Site "Nordrheinwestfalen"]
[Date "2018.02.04"]
[Round "7.6"]
[White "Yilmaz, Izzet"]
[Black "Froitzheim, Ralf"]
[Result "1/2-1/2"]
[WhiteElo "1846"]
[BlackElo "1804"]
[PlyCount "97"]
[EventDate "2017.09.10"]
[EventType "team-tourn"]
[EventRounds "11"]
[EventCountry "GER"]
[SourceTitle "EXT 2022"]
[Source "ChessBase"]
[SourceDate "2021.10.06"]
[SourceVersion "1"]
[SourceVersionDate "2021.10.06"]
[SourceQuality "1"]
[WhiteTeam "Satranc Club"]
[BlackTeam "Niederkassel II"]
[WhiteTeamCountry "GER"]
[BlackTeamCountry "GER"]

1. e4 c6 2. d4 d5 3. Nc3 dxe4 4. Nxe4 Nf6 5. Nxf6+ gxf6 6. c3 Bf5 7. Nf3 e6 8. Be2 Bd6 9. Qb3 Qc7 10. Be3 Nd7 11. Nh4 Bg6 12. g3 Be4 13. f3 Bg6 14. Nxg6 hxg6 15. 0-0-0 Kf8 16. c4 b6 17. Kb1 Kg7 18. f4 a5 19. Bf3 Rab8 20. h4 Be7 21. g4 Bd6 22. f5 e5 23. fxg6 fxg6 24. Qc2 exd4 25. Bxd4 Be5 26. h5 Nf8 27. Qe4 Rc8 28. Rhe1 Re8 29. g5 Re6 30. hxg6 Bxd4 31. Qxd4 Qe7 32. Rxe6 Qxe6 33. Qxb6 Qf5+ 34. Kc1 Qxf3 35. Qxa5 Rh1 36. gxf6+ Kxg6 37. Rxh1 Qxh1+ 38. Kc2 Qe4+ 39. Kb3 Ne6 40. Qc3 Nd4+ 41. Ka4 c5 42. b3 Kxf6 43. Ka3 Kf7 44. Kb2 Qe2+ 45. Kb1 Qd1+ 46. Kb2 Qe2+ 47. Kb1 Nc6 48. a3 Qd1+ 49. Kb2 1/2-1/2

[Event "Mittelrhein Verbandsliga-M 16/17"]
[Site "Nordrheinwestfalen"]
[Date "2016.12.18"]
[Round "5.3"]
[White "Froitzheim, Ralf"]
[Black "Manay, Gueven"]
[Result "1-0"]
[WhiteElo "1806"]
[BlackElo "1920"]
[PlyCount "87"]
[EventDate "2016.09.11"]
[EventType "team-tourn"]
[EventRounds "11"]
[EventCountry "GER"]
[SourceTitle "EXT 2022"]
[Source "ChessBase"]
[SourceDate "2021.10.06"]
[SourceVersion "1"]
[SourceVersionDate "2021.10.06"]
[SourceQuality "1"]
[WhiteTeam "Niederkassel III"]
[BlackTeam "Satranc Club"]
[WhiteTeamCountry "GER"]
[BlackTeamCountry "GER"]

1. c4 e5 2. g3 Nc6 3. Bg2 f5 4. Nc3 Nf6 5. e3 Bb4 6. Nd5 Nxd5 7. cxd5 Ne7 8. Ne2 d6 9. Qa4+ Qd7 10. Qxb4 b6 11. Nc3 0-0 12. f4 e4 13. 0-0 Bb7 14. Qc4 a5 15. Rd1 g5 16. a4 gxf4 17. exf4 h5 18. Qd4 h4 19. d3 hxg3 20. hxg3 exd3 21. Qxd3 Ng6 22. Be3 Rae8 23. Re1 Qf7 24. Qd2 Ne7 25. Bf2 Kh7 26. Re3 Rd8 27. Rae1 Ng8 28. Qe2 Bc8 29. Bf3 Qg6 30. Bh5 Qh6 31. Re8 Nf6 32. Qe7+ Kg8 33. Rxf8+ Rxf8 34. Bf3 Rf7 35. Qe2 Rh7 36. Bd4 Ne4 37. Nxe4 fxe4 38. Bxe4 Re7 39. Qg2 Bf5 40. Bf2 Bh3 41. Qf3 Rg7 42. Bd3 Bd7 43. Bd4 Rf7 44. Re2 1-0

[Event "Mittelrhein Verbandsliga-M 16/17"]
[Site "Nordrheinwestfalen"]
[Date "2016.09.11"]
[Round "1.3"]
[White "Bayer, Udo"]
[Black "Froitzheim, Ralf"]
[Result "1/2-1/2"]
[WhiteElo "1937"]
[BlackElo "1794"]
[PlyCount "80"]
[EventDate "2016.09.11"]
[EventType "team-tourn"]
[EventRounds "11"]
[EventCountry "GER"]
[SourceTitle "EXT 2022"]
[Source "ChessBase"]
[SourceDate "2021.10.06"]
[SourceVersion "1"]
[SourceVersionDate "2021.10.06"]
[SourceQuality "1"]
[WhiteTeam "Hitdorf SV Springer"]
[BlackTeam "Niederkassel III"]
[WhiteTeamCountry "GER"]
[BlackTeamCountry "GER"]

1. e4 c6 2. d4 d5 3. Nc3 dxe4 4. Nxe4 Bf5 5. Ng3 Bg6 6. h4 h6 7. Nf3 Nd7 8. h5 Bh7 9. Bd3 Bxd3 10. Qxd3 e6 11. Bd2 Ngf6 12. Qe2 Qc7 13. Ne5 Nxe5 14. dxe5 Nd5 15. c4 Nb4 16. Bc3 0-0-0 17. 0-0 c5 18. a3 Nc6 19. b4 Nd4 20. Qe4 Qc6 21. Qf4 Qc7 22. Rad1 Nc6 23. Rxd8+ Nxd8 24. Rd1 f5 25. Qd2 Be7 26. f4 Nc6 27. b5 Rd8 28. Qe2 Rxd1+ 29. Qxd1 Nd4 30. Ne2 Nxe2+ 31. Qxe2 Qd7 32. Kf2 Qe8 33. Bd2 g6 34. hxg6 Qxg6 35. Qf3 h5 36. a4 Qg4 37. a5 a6 38. b6 Bh4+ 39. g3 Qxf3+ 40. Kxf3 Be7 1/2-1/2

[Event "Schweinfurt op 26th"]
[Site "Schweinfurt"]
[Date "2016.05.28"]
[Round "5"]
[White "Froitzheim, Ralf"]
[Black "Kuhn, Norbert"]
[Result "1/2-1/2"]
[WhiteElo "1873"]
[BlackElo "2119"]
[PlyCount "47"]
[EventDate "2016.05.26"]
[EventType "swiss"]
[EventRounds "7"]
[EventCountry "GER"]
[SourceTitle "CBM 172 Extra"]
[Source "ChessBase"]
[SourceDate "2016.06.21"]
[SourceVersion "1"]
[SourceVersionDate "2016.06.21"]
[SourceQuality "1"]

1. c4 e6 2. g3 d5 3. Bg2 c6 4. Nf3 Nf6 5. 0-0 Bd6 6. d4 0-0 7. b3 b6 8. Bb2 Nbd7 9. Nbd2 Qe7 10. Ne5 Bb7 11. Rc1 Rfc8 12. Rc2 a5 13. a4 Rc7 14. Qa1 Bb4 15. Ndf3 dxc4 16. bxc4 Nxe5 17. Nxe5 Rac8 18. Nd3 c5 19. Bxb7 Rxb7 20. dxc5 Bxc5 21. Nxc5 bxc5 22. Bc3 Ra8 23. Rb2 Ne8 24. Rfb1 1/2-1/2

[Event "Mittelrhein Verbandsliga-O 15/16"]
[Site "Nordrheinwestfalen"]
[Date "2015.09.27"]
[Round "2"]
[White "Hoeck, Sebastian"]
[Black "Froitzheim, Ralf"]
[Result "1/2-1/2"]
[WhiteElo "1782"]
[BlackElo "1746"]
[PlyCount "70"]
[EventDate "2015.09.06"]
[EventType "team-tourn"]
[EventRounds "11"]
[EventCountry "GER"]
[SourceTitle "EXT 2022"]
[Source "ChessBase"]
[SourceDate "2021.10.06"]
[SourceVersion "1"]
[SourceVersionDate "2021.10.06"]
[SourceQuality "1"]
[WhiteTeam "Siegburg"]
[BlackTeam "Niederkassel II"]
[WhiteTeamCountry "GER"]
[BlackTeamCountry "GER"]

1. c4 Nf6 2. g3 g6 3. Bg2 d5 4. e3 Bg7 5. Ne2 0-0 6. cxd5 Nxd5 7. 0-0 c6 8. Nbc3 Nxc3 9. bxc3 Nd7 10. Rb1 Nb6 11. a4 Nc4 12. d3 Nd6 13. f4 Bg4 14. c4 Qa5 15. Ba3 Qh5 16. Kf2 Rad8 17. Bxd6 Rxd6 18. Rxb7 e5 19. c5 Re6 20. h3 Bxe2 21. Qxe2 Qxe2+ 22. Kxe2 exf4 23. Rxf4 Be5 24. Rf3 Bd4 25. Rxa7 Bxc5 26. Rb7 f5 27. Kf2 Ra8 28. d4 Ba3 29. d5 cxd5 30. Rf4 Re5 31. Rb3 Bc5 32. Rd3 Rd8 33. g4 fxg4 34. hxg4 Kg7 35. Ke2 Rde8 1/2-1/2

[Event "Troisdorf op"]
[Site "Troisdorf"]
[Date "2014.12.02"]
[Round "7"]
[White "Froitzheim, Ralf"]
[Black "Schwarz, Andreas"]
[Result "1/2-1/2"]
[WhiteElo "1953"]
[BlackElo "2051"]
[PlyCount "37"]
[EventDate "2014.10.21"]
[EventType "swiss"]
[EventRounds "7"]
[EventCountry "GER"]
[SourceTitle "EXT 2016"]
[Source "ChessBase"]
[SourceDate "2015.10.08"]
[SourceVersion "1"]
[SourceVersionDate "2015.10.08"]
[SourceQuality "1"]

1. c4 Nf6 2. g3 e6 3. Bg2 d5 4. Nf3 Be7 5. 0-0 0-0 6. b3 c5 7. Bb2 Nc6 8. cxd5 exd5 9. d4 Ne4 10. dxc5 Bf6 11. Qc1 Bg4 12. Nbd2 Re8 13. a3 Bxb2 14. Qxb2 Nxc5 15. b4 Ne4 16. e3 Rc8 17. Rac1 Qe7 18. Rc2 Bf5 19. Rcc1 1/2-1/2

[Event "Troisdorf op"]
[Site "Troisdorf"]
[Date "2014.11.25"]
[Round "6"]
[White "Goldenstein, Arnd"]
[Black "Froitzheim, Ralf"]
[Result "1-0"]
[WhiteElo "2016"]
[BlackElo "1953"]
[PlyCount "71"]
[EventDate "2014.10.21"]
[EventType "swiss"]
[EventRounds "7"]
[EventCountry "GER"]
[SourceTitle "EXT 2016"]
[Source "ChessBase"]
[SourceDate "2015.10.08"]
[SourceVersion "1"]
[SourceVersionDate "2015.10.08"]
[SourceQuality "1"]

1. d4 Nf6 2. c4 g6 3. Nf3 Bg7 4. g3 c6 5. Bg2 0-0 6. 0-0 d5 7. cxd5 cxd5 8. Nc3 Nc6 9. Qc2 Bf5 10. Qb3 b6 11. Bf4 Rc8 12. Rfd1 h6 13. Ne5 Na5 14. Qb4 g5 15. Be3 e6 16. Nb5 Nc4 17. Nxa7 Nxe3 18. fxe3 Rc2 19. Rac1 Qc7 20. Nec6 Rxc1 21. Rxc1 Qd7 22. Qxb6 Ng4 23. Rc3 e5 24. h3 exd4 25. Nxd4 Ne5 26. Rc7 Nc4 27. Rxd7 Nxb6 28. Rb7 Bxd4 29. exd4 Ra8 30. b3 Bb1 31. a4 Be4 32. Bxe4 dxe4 33. Rxb6 Rxa7 34. g4 e3 35. Kg2 Rd7 36. Rb4 1-0

[Event "Troisdorf op"]
[Site "Troisdorf"]
[Date "2014.10.28"]
[Round "2"]
[White "Schott, Guido"]
[Black "Froitzheim, Ralf"]
[Result "1/2-1/2"]
[WhiteElo "2146"]
[BlackElo "1953"]
[PlyCount "47"]
[EventDate "2014.10.21"]
[EventType "swiss"]
[EventRounds "7"]
[EventCountry "GER"]
[SourceTitle "EXT 2016"]
[Source "ChessBase"]
[SourceDate "2015.10.08"]
[SourceVersion "1"]
[SourceVersionDate "2015.10.08"]
[SourceQuality "1"]

1. Nf3 Nf6 2. g3 g6 3. Bg2 Bg7 4. c4 c6 5. Nc3 d5 6. d4 0-0 7. 0-0 dxc4 8. Ne5 Be6 9. e4 Nbd7 10. f4 Nb6 11. Be3 Qc8 12. a4 Ng4 13. Nxg4 Bxg4 14. Qd2 Bh3 15. Bxh3 Qxh3 16. f5 Rad8 17. a5 Nd7 18. Ra4 Ne5 19. Qe2 Ng4 20. Rxc4 Nxe3 21. Qxe3 Qh6 22. Qf2 b5 23. axb6 axb6 24. Rd1 1/2-1/2

[Event "Troisdorf op"]
[Site "Troisdorf"]
[Date "2014.10.21"]
[Round "1"]
[White "Froitzheim, Ralf"]
[Black "Quaegwer, Gerhard"]
[Result "1-0"]
[WhiteElo "1953"]
[BlackElo "1626"]
[PlyCount "103"]
[EventDate "2014.10.21"]
[EventType "swiss"]
[EventRounds "7"]
[EventCountry "GER"]
[SourceTitle "EXT 2016"]
[Source "ChessBase"]
[SourceDate "2015.10.08"]
[SourceVersion "1"]
[SourceVersionDate "2015.10.08"]
[SourceQuality "1"]

1. c4 e6 2. g3 Nf6 3. Bg2 Be7 4. e4 h6 5. Nc3 0-0 6. Nge2 d6 7. 0-0 e5 8. h3 c6 9. d3 Na6 10. Be3 b6 11. f4 Nd7 12. Qd2 Bb7 13. Rad1 exf4 14. Nxf4 Ne5 15. b3 Nc7 16. d4 Nd7 17. Qe2 Nf6 18. e5 Nh7 19. Qg4 Ne8 20. h4 Qc7 21. Nd3 dxe5 22. dxe5 g5 23. Qh5 Kg7 24. Be4 c5 25. Nd5 Bxd5 26. Bxd5 Nhf6 27. exf6+ Nxf6 28. Qf3 Nxd5 29. cxd5 f6 30. Bf2 Rad8 31. Qf5 h5 32. Rfe1 Rd6 33. Re6 Qd7 34. Rde1 Rf7 35. Qe4 Bd8 36. Rxd6 Qxd6 37. Qe6 Qxe6 38. dxe6 Re7 39. Nb2 g4 40. Nd3 Bc7 41. Nf4 Bxf4 42. gxf4 f5 43. a3 Kf6 44. b4 Rxe6 45. Rxe6+ Kxe6 46. bxc5 b5 47. Kf1 Kd5 48. Ke2 a5 49. Kd3 g3 50. Be3 g2 51. Bg1 a4 52. Kc3 1-0

[Event "Troisdorf op"]
[Site "Troisdorf"]
[Date "2013.11.12"]
[Round "4"]
[White "Riefer, Alexander"]
[Black "Froitzheim, Ralf"]
[Result "1/2-1/2"]
[WhiteElo "1801"]
[BlackElo "1950"]
[PlyCount "101"]
[EventDate "2013.10.22"]
[EventType "swiss"]
[EventRounds "7"]
[EventCountry "GER"]
[SourceTitle "EXT 2016"]
[Source "ChessBase"]
[SourceDate "2015.10.08"]
[SourceVersion "1"]
[SourceVersionDate "2015.10.08"]
[SourceQuality "1"]

1. e4 c6 2. d4 d5 3. Nc3 dxe4 4. Nxe4 Bf5 5. Ng3 Bg6 6. Nf3 Nd7 7. h4 h6 8. h5 Bh7 9. Bd3 Bxd3 10. Qxd3 e6 11. Bf4 Qa5+ 12. c3 Ngf6 13. b4 Qb6 14. a3 Be7 15. c4 a5 16. c5 Qa6 17. Qxa6 Rxa6 18. Ke2 0-0 19. Rhb1 Nd5 20. Bd2 axb4 21. axb4 Rfa8 22. Rxa6 Rxa6 23. b5 Ra7 24. bxc6 bxc6 25. Ne4 f6 26. Kd3 Ra3+ 27. Nc3 Ra7 28. Nxd5 exd5 29. Re1 Kf7 30. Nh4 Ra3+ 31. Ke2 Ra4 32. Nf5 Bf8 33. Kd3 Ra3+ 34. Bc3 Ra8 35. g4 Re8 36. Rxe8 Kxe8 37. Ba5 Nb8 38. Bc7 Na6 39. Bf4 Kf7 40. Kc3 Be7 41. Kb3 Bd8 42. Ka4 Nc7 43. Nd6+ Ke7 44. Nf5+ Kf7 45. Kb4 Ne6 46. Bd6 Ng5 47. Bf4 Ne6 48. Nd6+ Ke7 49. Nf5+ Kf7 50. Bb8 Ke8 51. Bg3 1/2-1/2

[Event "Troisdorf op"]
[Site "Troisdorf"]
[Date "2013.11.05"]
[Round "3"]
[White "Froitzheim, Ralf"]
[Black "Stuch, Hans Ferdinand"]
[Result "1-0"]
[WhiteElo "1950"]
[BlackElo "1902"]
[PlyCount "57"]
[EventDate "2013.10.22"]
[EventType "swiss"]
[EventRounds "7"]
[EventCountry "GER"]
[SourceTitle "EXT 2016"]
[Source "ChessBase"]
[SourceDate "2015.10.08"]
[SourceVersion "1"]
[SourceVersionDate "2015.10.08"]
[SourceQuality "1"]

1. c4 Nf6 2. g3 c6 3. Bg2 d5 4. Nf3 e6 5. b3 Bd6 6. Bb2 Nbd7 7. 0-0 0-0 8. d3 e5 9. cxd5 cxd5 10. Nbd2 Re8 11. Rc1 b5 12. Rc6 Nb6 13. Qa1 Bb7 14. Rc2 Nfd7 15. Nh4 g6 16. Nhf3 f6 17. Rd1 a5 18. a3 a4 19. b4 Kf7 20. Qa2 Kg7 21. e3 e4 22. dxe4 dxe4 23. Nd4 Bd5 24. Qa1 Nc4 25. Nxb5 Nxb2 26. Nxd6 Nxd1 27. Nxe8+ Qxe8 28. Qxd1 Ne5 29. Nxe4 1-0

[Event "Mittelrhein Verbandsliga Ost 1314"]
[Site "Mittelrhein"]
[Date "2013.10.13"]
[Round "2.8"]
[White "Schwartz, Dirk"]
[Black "Froitzheim, Ralf"]
[Result "0-1"]
[WhiteElo "1872"]
[BlackElo "1860"]
[PlyCount "32"]
[EventDate "2013.09.15"]
[EventType "team-tourn"]
[EventRounds "11"]
[EventCountry "GER"]
[SourceTitle "EXT 2023"]
[Source "ChessBase"]
[SourceDate "2022.10.05"]
[SourceVersion "1"]
[SourceVersionDate "2022.10.05"]
[SourceQuality "1"]
[WhiteTeam "Rheinbacher SF"]
[BlackTeam "Niederkassel II"]
[WhiteTeamCountry "GER"]
[BlackTeamCountry "GER"]

1. e4 c6 2. d4 d5 3. exd5 cxd5 4. c4 Nf6 5. Nc3 Nc6 6. Nf3 Bg4 7. cxd5 Nxd5 8. Bc4 e6 9. 0-0 Be7 10. Qb3 Bxf3 11. Qxb7 Ndb4 12. Bf4 0-0 13. gxf3 Qxd4 14. Bb5 Qxf4 15. Bxc6 Bd6 16. Rfd1 Rab8 0-1

[Event "Bad Godesberg op 16th"]
[Site "Bad Godesberg"]
[Date "2012.07.10"]
[Round "4"]
[White "Spreemann, Ralf"]
[Black "Froitzheim, Ralf"]
[Result "1/2-1/2"]
[WhiteElo "2026"]
[BlackElo "1934"]
[PlyCount "92"]
[EventDate "2012.07.07"]
[EventType "swiss"]
[EventRounds "9"]
[EventCountry "GER"]
[SourceTitle "CBM 149 Extra"]
[Source "ChessBase"]
[SourceDate "2012.08.24"]
[SourceVersion "1"]
[SourceVersionDate "2012.08.24"]
[SourceQuality "1"]

1. e4 c6 2. d4 d5 3. exd5 cxd5 4. Bd3 Nc6 5. c3 Qc7 6. h3 Nf6 7. Ne2 e6 8. Bf4 Bd6 9. Bxd6 Qxd6 10. 0-0 a6 11. Nd2 e5 12. dxe5 Nxe5 13. Bc2 0-0 14. Nd4 Bd7 15. N2f3 Rfe8 16. Qc1 h6 17. Qf4 Nxf3+ 18. Qxf3 Ne4 19. Rad1 Rad8 20. Rfe1 Ng5 21. Qd3 Qf4 22. Bb3 Ne4 23. Qe3 Qxe3 24. Rxe3 Nf6 25. Rde1 Rxe3 26. Rxe3 Kf8 27. Re5 Re8 28. Rxe8+ Kxe8 29. f4 Ke7 30. Kf2 Kd6 31. Ke3 Ne4 32. Bc2 Nc5 33. b4 Ne6 34. Nf5+ Kc7 35. g4 Bb5 36. h4 Bc4 37. a4 Kd7 38. Bd1 Ba2 39. g5 hxg5 40. fxg5 g6 41. Nh6 Ke7 42. Ng8+ Kd6 43. Nh6 Ke7 44. Ng8+ Kd6 45. Bg4 b6 46. Nh6 Ke7 1/2-1/2

[Event "Troisdorf op"]
[Site "Troisdorf"]
[Date "2011.11.29"]
[Round "6"]
[White "Froitzheim, Ralf"]
[Black "Gutt, Oswald"]
[Result "0-1"]
[WhiteElo "1759"]
[BlackElo "1914"]
[PlyCount "110"]
[EventDate "2011.10.25"]
[EventType "swiss"]
[EventRounds "7"]
[EventCountry "GER"]
[SourceTitle "EXT 2013"]
[Source "ChessBase"]
[SourceDate "2012.11.22"]
[SourceVersion "1"]
[SourceVersionDate "2012.11.22"]
[SourceQuality "1"]

1. c4 Nf6 2. g3 e6 3. Bg2 d5 4. Nf3 Be7 5. 0-0 0-0 6. b3 Nbd7 7. Bb2 c6 8. d3 Qc7 9. Nbd2 b6 10. Rc1 Bb7 11. cxd5 exd5 12. Nd4 Rfe8 13. N2f3 Bf8 14. Rc2 c5 15. b4 Qd8 16. bxc5 bxc5 17. Nb3 Rc8 18. Qd2 Bc6 19. Re1 Ba4 20. Rcc1 Qb6 21. Qa5 Bxb3 22. Qxb6 axb6 23. axb3 Ra8 24. Ra1 Rxa1 25. Bxa1 Ra8 26. Bb2 Ra2 27. Rb1 Be7 28. e3 b5 29. Bf1 Bd6 30. h3 Kf8 31. Be2 Ke7 32. Kf1 h6 33. Ke1 Ke6 34. Kd1 Ne5 35. Nxe5 Bxe5 36. Bxe5 Kxe5 37. Ke1 b4 38. Rc1 Kd6 39. Bd1 Ne8 40. Rc2 Ra1 41. Kd2 Nc7 42. Rc1 Ra3 43. Ke1 Nb5 44. Bc2 Nc3 45. Kd2 Ra2 46. Rf1 Nb5 47. Rc1 Na3 48. Kd1 Rb2 49. d4 c4 50. bxc4 dxc4 51. f3 c3 52. Bf5 Nc4 53. e4 Ne3+ 54. Ke1 Nxf5 55. exf5 Kd5 0-1

[Event "Troisdorf op"]
[Site "Troisdorf"]
[Date "2011.11.15"]
[Round "4"]
[White "Froitzheim, Ralf"]
[Black "Gillar, Frank"]
[Result "1/2-1/2"]
[WhiteElo "1759"]
[BlackElo "1522"]
[PlyCount "98"]
[EventDate "2011.10.25"]
[EventType "swiss"]
[EventRounds "7"]
[EventCountry "GER"]
[SourceTitle "EXT 2013"]
[Source "ChessBase"]
[SourceDate "2012.11.22"]
[SourceVersion "1"]
[SourceVersionDate "2012.11.22"]
[SourceQuality "1"]

1. c4 c5 2. g3 g6 3. Bg2 Bg7 4. Nc3 Nc6 5. Nf3 e5 6. 0-0 Nge7 7. d3 0-0 8. Rb1 d6 9. a3 a5 10. Bg5 f6 11. Bd2 Be6 12. e4 Bg4 13. h3 Bxf3 14. Bxf3 Nd4 15. Bg2 Rb8 16. Nb5 Nec6 17. b4 axb4 18. axb4 b6 19. Nxd4 Nxd4 20. b5 Ra8 21. Ra1 Rf7 22. Bc3 Rfa7 23. Bxd4 exd4 24. Rxa7 Rxa7 25. Qg4 Qe8 26. Rb1 h5 27. Qd1 Bh6 28. Ra1 Rxa1 29. Qxa1 Qb8 30. Qa6 Bd2 31. Qa2 Bc3 32. f4 Kg7 33. Kf2 Ba5 34. Qe2 Qf8 35. f5 Qf7 36. Bf3 Kh6 37. fxg6 Qxg6 38. h4 Qe8 39. g4 Qe5 40. Kg2 hxg4 41. Bxg4 Qf4 42. Qf3 Qxf3+ 43. Bxf3 Be1 44. Kh3 Bd2 45. Kg4 Kg6 46. h5+ Kg7 47. Kf5 Kf7 48. Kg4 Bh6 49. Kf5 Bd2 1/2-1/2